000 00777nam a22002417a 4500
003 CHAP
005 20220329140055.0
008 971013s r 00010 d
010 _a46585
011 _a47557
035 _a51699
040 _cCHAP
110 _aInternational Society for Horticultural Science
_959820
245 _aOptimalisation of plant growth under protected cultivation through microclimate control
490 _aActa Horticulturae
_v; 107
590 _aBATCH-UPD
_b10
_c20130110
_lUCH01
_h1230
590 _aCONVERSION
_b10
_c20130109
_lUCH01
_h1325
830 0 _aActa Horticulturae
_v; 107
_9739
852 2 _yISSUE
_d2012-12-17
_503
901 _aBK
942 _cISSUE
949 _bBC
_cPS
_d-115518
_ePS
_i51699
_si
999 _c46585
_d46585